Massachusetts General Hospital comprehensive clinical psychiatry / (Record no. 130519)

MARC details
000 -LEADER
fixed length control field 01111cam a22003014a 4500
003 - CONTROL NUMBER IDENTIFIER
control field OSt
005 - DATE AND TIME OF LATEST TRANSACTION
control field 20250306113912.0
008 - FIXED-LENGTH DATA ELEMENTS--GENERAL INFORMATION
fixed length control field
020 ## - INTERNATIONAL STANDARD BOOK NUMBER
International Standard Book Number 9780323295079 (hardcover)
040 ## - CATALOGING SOURCE
Transcribing agency NUST
Original cataloging agency NUST
Language of cataloging eng
Modifying agency NUST
Description conventions rda
050 ## - LIBRARY OF CONGRESS CALL NUMBER
Classification number RC454 MAS
100 ## - MAIN ENTRY--PERSONAL NAME
Personal name Stern, Theodore A
Relator term Author
245 00 - TITLE STATEMENT
Title Massachusetts General Hospital comprehensive clinical psychiatry /
Statement of responsibility, etc. Theodore A Stern, Maurizio Fava, Timothy E Wilens and Jerrold F Rosenbaum.
250 ## - EDITION STATEMENT
Edition statement Second edition.
260 ## - PUBLICATION, DISTRIBUTION, ETC.
Place of publication, distribution, etc. Philadelphia :
Name of publisher, distributor, etc. Mosby/Elsevier,
Date of publication, distribution, etc. 2008.
300 ## - PHYSICAL DESCRIPTION
Extent xx, 1038 pages :
Other physical details Illustrations ;
Dimensions 29 cm.
336 ## - CONTENT TYPE
Source rdacontent
Content type term text
Content type code txt
337 ## - MEDIA TYPE
Source rdamedia
Media type term unmediated
Media type code n
338 ## - CARRIER TYPE
Source rdacarrier
Carrier type term volume
Carrier type code nc
504 ## - BIBLIOGRAPHY, ETC. NOTE
Bibliography, etc. note Includes bibliographical references and index.
650 #0 - SUBJECT ADDED ENTRY--TOPICAL TERM
Form subdivision Psychiatry.
650 #0 - SUBJECT ADDED ENTRY--TOPICAL TERM
Form subdivision Mental disorders -- therapy.
650 #0 - SUBJECT ADDED ENTRY--TOPICAL TERM
Form subdivision Psychiatry -- methods.
700 1# - ADDED ENTRY--PERSONAL NAME
Personal name Fava, Maurizio
Relator term Author
700 1# - ADDED ENTRY--PERSONAL NAME
Personal name Wilens, Timothy E
Relator term Author
700 1# - ADDED ENTRY--PERSONAL NAME
Personal name Rosenbaum, Jerrold F
Relator term Author
942 ## - ADDED ENTRY ELEMENTS (KOHA)
Koha item type Ordinary Loan Books
Call number prefix RC
Call number suffix MAS
Source of classification or shelving scheme Library of Congress Classification
Edition Second edition.
Classification part RC454 MAS
Suppress in OPAC No
Holdings
Withdrawn status Lost status Source of classification or shelving scheme Damaged status Not for loan Collection Home library Current library Shelving location Date acquired Source of acquisition Cost, normal purchase price Total Checkouts Full call number Barcode Date last seen Cost, replacement price Price effective from Koha item type Public note Accession number
    LCC     NFIC MEDICAL MEDICAL GEN 01/23/2023 Book Aid International 143.46   RC454 MAS 92004042038 01/23/2023 143.46 01/23/2023 BOOKS Donation  
    LCC     NFIC MEDICAL MEDICAL GEN 03/04/2025 Book Aid International 143.46   RC454 MAS 92004054520 03/04/2025 143.46 03/04/2025 BOOKS Donation 62324
    LCC     NFIC MEDICAL MEDICAL GEN 03/06/2025 Book Aid International 143.46   RC454 MAS 92004054486 03/06/2025 143.46 03/06/2025 BOOKS Donation 62321